[Event "Panevezys op-A"]
[Site "Panevezys"]
[Date "2018.07.06"]
[Round "9"]
[White "Rivera Comino, Oscar"]
[Black "Strods, Kristaps Reinis"]
[Result "0-1"]
[WhiteElo "1763"]
[BlackElo "1426"]
[PlyCount "122"]
[EventDate "2018.06.29"]
[EventType "swiss"]
[EventRounds "9"]
[EventCountry "LTU"]
[SourceTitle "EXT 2019"]
[Source "ChessBase"]
[SourceDate "2018.10.10"]
[SourceVersion "1"]
[SourceVersionDate "2018.10.10"]
[SourceQuality "1"]

1. d4 d5 2. Bf4 Nf6 3. e3 c5 4. c3 Nc6 5. Be2 Qb6 6. Qb3 c4 7. Qc2 Bf5 8. Qc1 e6 9. Nf3 Be7 10. h3 h6 11. Nbd2 0-0 12. 0-0 Bh7 13. Ne5 Nxe5 14. Bxe5 Rfc8 15. Bd1 Ne4 16. Bc2 Bg5 17. Bxe4 dxe4 18. Qc2 Qc6 19. a4 f6 20. Bg3 f5 21. Be5 a6 22. a5 Bg6 23. Qa4 Be7 24. Qa2 Bh5 25. g3 Qd5 26. Rfc1 Be2 27. Qa4 g5 28. Kh2 Kf7 29. Rg1 Bf6 30. Bxf6 Kxf6 31. Qc2 Bh5 32. b3 cxb3 33. Nxb3 Bf3 34. Nd2 Qd6 35. Nxf3 exf3 36. c4 Qc6 37. c5 Qe4 38. Qxe4 fxe4 39. Rab1 Rc7 40. Rb6 Kf7 41. Rgb1 Ra7 42. Rd6 Re7 43. Rbb6 Ra8 44. Kg1 Rc8 45. Kf1 h5 46. Ke1 Rcc7 47. c6 bxc6 48. Rdxc6 Rxc6 49. Rxc6 Ra7 50. Kd2 Ke7 51. Kc3 Kd7 52. Rb6 Rc7+ 53. Kb2 Ra7 54. Rb8 Kc6 55. Rg8 Rb7+ 56. Ka3 Rb5 57. Ka4 Rb2 58. Rg6 Rxf2 59. Kb3 Rf1 60. Kb2 Re1 61. Rxg5 Kd6 0-1

[Event "Panevezys op-A"]
[Site "Panevezys"]
[Date "2018.07.01"]
[Round "4"]
[White "Rivera Comino, Oscar"]
[Black "Bazevicius, Albertas"]
[Result "1/2-1/2"]
[WhiteElo "1763"]
[BlackElo "1851"]
[PlyCount "73"]
[EventDate "2018.06.29"]
[EventType "swiss"]
[EventRounds "9"]
[EventCountry "LTU"]
[SourceTitle "CBM 185 Extra"]
[Source "ChessBase"]
[SourceDate "2018.07.29"]
[SourceVersion "1"]
[SourceVersionDate "2018.07.29"]
[SourceQuality "1"]

1. d4 Nf6 2. Bf4 d5 3. e3 g6 4. Be2 Bg7 5. Nf3 Bg4 6. h3 Bxf3 7. Bxf3 Nbd7 8. Nd2 c6 9. 0-0 0-0 10. c4 Re8 11. Qb3 dxc4 12. Nxc4 Nb6 13. Ne5 e6 14. a4 Nfd5 15. Bh2 a5 16. Nd3 h6 17. Nc5 Re7 18. Nd3 Kh7 19. Qc2 Nd7 20. h4 e5 21. Bxd5 cxd5 22. Nxe5 Nxe5 23. dxe5 Bxe5 24. Bxe5 Rxe5 25. g3 Qd7 26. Kg2 Rc8 27. Qd2 Qf5 28. Rfc1 Rxc1 29. Qxc1 Qe4+ 30. Kg1 Rf5 31. Qc3 g5 32. hxg5 hxg5 33. Qd4 Qf3 34. Rf1 g4 35. Qd1 Qe4 36. Qd4 Qf3 37. Qd1 1/2-1/2

[Event "San Sebastian de los Reyes op 19th"]
[Site "San Sebastian"]
[Date "2017.12.05"]
[Round "4"]
[White "Rivera Comino, Oscar"]
[Black "Hernandez Ramos, David"]
[Result "1/2-1/2"]
[WhiteElo "1707"]
[BlackElo "2054"]
[PlyCount "92"]
[EventDate "2017.12.02"]
[EventType "swiss"]
[EventRounds "9"]
[EventCountry "ESP"]
[SourceTitle "CBM 182 Extra"]
[Source "ChessBase"]
[SourceDate "2018.02.23"]
[SourceVersion "1"]
[SourceVersionDate "2018.02.23"]
[SourceQuality "1"]

1. d4 e6 2. Bf4 Nf6 3. e3 d5 4. Nf3 c5 5. c3 Nc6 6. Bd3 Be7 7. h3 0-0 8. 0-0 b6 9. Nbd2 Bb7 10. Ne5 h6 11. Ng4 Nxg4 12. Qxg4 Bg5 13. Bxg5 Qxg5 14. Qe2 Qf6 15. f4 a5 16. a4 Nb8 17. Bb5 Na6 18. Bd3 Nc7 19. Nf3 cxd4 20. cxd4 Ba6 21. Rfc1 Bxd3 22. Qxd3 Na6 23. Qd2 Rfc8 24. Ne5 Qe7 25. Rxc8+ Rxc8 26. Rc1 Qe8 27. Nd3 f6 28. Rc3 Nb8 29. b3 Rxc3 30. Qxc3 Qc6 31. Qd2 Kf7 32. Kf2 Na6 33. Qc1 Qxc1 34. Nxc1 Ke7 35. Nd3 Kd6 36. Ke2 Nb4 37. Nxb4 axb4 38. Kf3 g6 39. Kg4 Ke7 40. Kh4 e5 41. g4 exf4 42. exf4 Kf7 43. f5 g5+ 44. Kh5 Kg7 45. h4 Kh7 46. hxg5 hxg5 1/2-1/2